| 000 | 00683cam a22002411 4500 | ||
|---|---|---|---|
| 001 | sa 68009603 | ||
| 003 | DLC | ||
| 005 | 20260227112544.0 | ||
| 008 | 890628s1968 ii ach b 000 0 maro | ||
| 010 | _asa 68009603 | ||
| 035 | _a(OCoLC)19944301 | ||
| 040 |
_aDLC _cWaU _dNRU _dDLC |
||
| 042 | _apremarc | ||
| 050 | 0 | 0 |
_aDS481.K42 _bJ6 |
| 100 | 1 |
_aJoshi, Hari Moreshwar, _d1901- |
|
| 245 | 1 | 0 | _aBādaśāhakhāna. |
| 250 | _a[Prathamāvr̥ttī. | ||
| 260 |
_aPuṇe] _bNīlakanṭha Prakāśana _c[1968] |
||
| 300 |
_a13, 305 p. _billus. facsims., ports. _c22 cm. |
||
| 500 | _aIn Marathi. | ||
| 504 | _aBibliography: p. 293-296. | ||
| 600 | 1 | 0 |
_aKhan, Abdul Ghaffar, _d1890-1988. |
| 999 |
_c83022 _d83022 |
||